00493nam a2200169I 4500008004100000100001600041245007100057260004600128300002900174500002000203650002600223700001400249740003300263003000100296005001700297040000900314 1 aSinha, N.C.10aFundamentals of prestressed concrete /cby N.C Sinha and S.K. Roy. aNew Delhi :bS Chand and company,cc1994. a573 p. :bill. ;c28 cm. aIncludes index. 0aPrestressed concrete.1 aRoy, S.K. aPrestressed concrete design.20230123134300.0 cNUST